000 00747nam a2200205 i 4500
001 91019
003 ES-MaACL
005 20250626063147.0
007 t|
008 050126s1978 sp ||||1| spa d
100 1 _aLeón y Castillo, Fernando,
_d1842-1918
_971655
245 1 0 _aMis tiempos /
_cFernando de León y Castillo.
260 _a[Las Palmas] :
_bCabildo Insular de Gran Canaria,
_c1978.
300 _a2 v. ;
_c25 cm.
651 4 _aEspaña-
_xHistoria-
_y1874-1902, Restauración-
_vRelatos personales.
_9155279
651 4 _aEspaña-
_xHistoria-
_y1902-1931, Alfonso XIII-
_vRelatos personales.
_9144642
710 1 _aGran Canaria.
_bCabildo Insular.
_92264
852 _aES-MaACL
_jA-10099-100
_bR.98842
999 _c91019
_d91019